| 000 | 01106nam a22003617a 4500 | ||
|---|---|---|---|
| 003 | CHAP | ||
| 005 | 20220329143709.0 | ||
| 008 | 110214s1996 us a r 00010 eng d | ||
| 010 | _a100503 | ||
| 011 | _a101475 | ||
| 020 | _a0831761210 | ||
| 035 | _a112163 | ||
| 040 | _cCHAP | ||
| 082 | 0 | 4 |
_a583.470973 _bC11 |
| 245 | 0 | 0 |
_aCacti : _bthe flowering desert _c/por B. van Dobbenburgh |
| 260 |
_aNew York : _bSmithmark, _c1996 |
||
| 300 |
_a80 p. : _bilus. |
||
| 490 | 0 | _aFlora in focus | |
| 590 |
_aBATCH-UPD _b10 _c20130110 _lUCH01 _h1004 |
||
| 590 |
_aBATCH-UPD _b10 _c20130410 _lUCH01 _h0614 |
||
| 590 |
_aBATCH-UPD _b10 _c20130914 _lUCH01 _h0806 |
||
| 590 |
_aCONVERSION _b10 _c20130109 _lUCH01 _h1355 |
||
| 650 | 1 | 4 |
_aCactáceas. _916994 |
| 650 | 1 | 4 |
_aCactáceas _xVariedades. _917018 |
| 650 | 1 | 4 |
_aFlora desértica _xE.U.A. _941330 |
| 650 | 1 | 4 |
_aPlantas silvestres. _989083 |
| 650 | 1 | 4 |
_aSuculentas. _9110174 |
| 700 | 1 |
_aDobbenburgh, B. van _933135 |
|
| 830 | 0 |
_aFlora in focus _941335 |
|
| 901 | _aBK | ||
| 942 | _cLIBRO | ||
| 949 |
_a583.470973 _bBC _cLIBRO _d33724002232603 _eLIBRO _h11217 _i112163 _sb |
||
| 999 |
_c100503 _d100503 |
||